In Extremo - Katzengold Lyrics Quiz - Statistiken

Allgemein
  • Dieses Quiz wurde 3 mal gespielt
    2 seit der letzten Aktualisierung
  • Das Durchschnittsergebnis liegt bei 117 aus 202
Antwortstatistiken
Antwort % Korrekt
beim
100%
Blitz
100%
Der
100%
der
100%
dich
100%
die
100%
Die
100%
Dreh
100%
du
100%
Du
100%
Dumm
100%
Dummheit
100%
geht
100%
Grün
100%
grunzen
100%
Hunde
100%
nicht
100%
Nicht
100%
Scheißen
100%
Schweine
100%
So
100%
soll
100%
treffen
100%
um
100%
aus
50%
Aus
50%
dem
50%
Ein
50%
Elend
50%
es
50%
Fenster
50%
für
50%
gegen
50%
Gegenwehr
50%
Gespenster
50%
hast
50%
ist
50%
Jetzt
50%
mehr
50%
Müde
50%
neue
50%
nur
50%
Nur
50%
schaust
50%
Überall
50%
Und
50%
und
50%
verstehst
50%
Wege
50%
Welt
50%
Zeit
50%
altes
0%
auserkoren
0%
bereit
0%
Bett
0%
bist
0%
Blau
0%
braucht
0%
Brot
0%
Buckel
0%
das
0%
den
0%
durch
0%
erkannt
0%
Großem
0%
großes
0%
hat
0%
höchster
0%
in
0%
jagst
0%
kalter
0%
kläffen
0%
Knarre
0%
Kriegst
0%
lachst
0%
Land
0%
Lied
0%
liegt
0%
magst
0%
Manege
0%
Maul
0%
Not
0%
oder
0%
rechten
0%
Rot
0%
schlicht
0%
schnell
0%
Schwarz
0%
sich
0%
Spiele
0%
stammelst
0%
Text
0%
umdrehst
0%
unterm
0%
verschworen
0%
viel
0%
Volk
0%
vollgemacht
0%
Wenn
0%
Wind
0%
wird
0%
Zeichen
0%
zieht
0%
zu
0%
zur
0%
Keine übereinstimmenden Quizze gefunden
Verteilung der Resultate
Anzahl Personen mit jedem Resultat
Perzentil nach korrekt beantworteten Fragen
Ihre Resultats-Entwicklung
Sie haben dieses Quiz seit der letzten Aktualisierung nicht gespielt